000 00555nam a2200181 a 4500
001 000008312
005 20200929161327.0
008 741030s1991 cu 000 1 spa
040 _aDO-SdBNP
_bspa
_cBNPHU
082 _aM863.44
_bP797h
100 1 _aPoniatowska, Elena.
_913346
245 1 0 _aHasta no verte Jesus mio /
_cElena Poniatowska.
260 _aLa Habana :
_bCasa de las Américas,
_c1991.
300 _a564 p. ;
_c20 cm.
490 1 _aLiteratura Latinoamericana
_vno. 132
650 4 _aNovela mexicana
_93959
650 4 _aLiteratura mexicana
_91922
999 _c8083
_d8083